| 000 | 00855nam a22002177a 4500 | ||
|---|---|---|---|
| 999 |
_c21342 _d21342 |
||
| 003 | AR-CdUCM | ||
| 008 | 190411b ||||| |||| 00| 0 spa d | ||
| 040 |
_aMUNICIPALIDAD PROVINCIAL DEL CUSCO _cBIBLIOTECA MUNICIPAL DEL CUSCO |
||
| 082 |
_a373.1/D10 _bD10 |
||
| 100 |
_aD'Abate B. Ed. M.Ed, Michael _944504 |
||
| 245 |
_aTrabajando con niños que tienen multidiscapacidades : _bUna guía práctica / |
||
| 260 |
_aCusco ; _bAlpha, _c2018. |
||
| 300 |
_a128 Páginas ; _c20 cm. |
||
| 505 | _aContenido: Comunicación -- Necesidades emocionales -- Espacio físico -- Salud mental y bienestar -- Crecimiento personal y realización -- Cuidado a largo plazo ... | ||
| 650 |
_aEducacción. _931320 |
||
| 650 |
_aEducación especial _99064 |
||
| 650 |
_aPedagogía _91560 |
||
| 650 |
_aInclusión educativa _944289 |
||
| 942 |
_2ddc _cLIBROS |
||
| 945 | _aRoel | ||